Most Published Legion of Super-Heroes writers Quiz Stats

 Plays Quiz not verified by Sporcle

Challenge
Share
Tweet
Embed
Score 0/14 Timer 05:00
0 Plays Today
# of issues Writer % Correct
212Paul Levitz
96.1%
64Jim Shooter
92.2%
86Keith Giffen
88.2%
65Tom Bierbaum
84.3%
65Mary Bierbaum
84.3%
48Mark Waid
82.4%
53Dan Abnett
78.4%
# of issues Writer % Correct
53Andy Lanning
76.5%
32Gerry Conway
68.6%
77Tom Peyer
54.9%
30Cary Bates
54.9%
127Tom McCraw
47.1%
30Edmond Hamilton
41.2%
41Roger Stern
35.3%

You're not logged in!

Compare scores with friends on all Sporcle quizzes.
Join for Free
OR
Log In

You Might Also Like...

Show Comments

Extras

Top Quizzes Today


Score Distribution

Your Account Isn't Verified!

In order to create a playlist on Sporcle, you need to verify the email address you used during registration. Go to your Sporcle Settings to finish the process.

Report this User

Report this user for behavior that violates our Community Guidelines.

Details: